000 00292nam a22001217a 4500
999 _c522791
_d522791
003 NUST
038 _aTanveer
082 _a891.4393
_bWAH
245 _aDelhi Jo Aik Shehr Ta /
_cMula Wahidi
260 _aPakistan
_bOxford University Press
_c2003.
300 _a196p. :
_c25cm
942 _2ddc
_cBK